Normal view
MARC view
Entry Personal Name
001 - CONTROL NUMBER
- control field: 22226
003 - CONTROL NUMBER IDENTIFIER
- control field: ARRUPE
005 - DATE AND TIME OF LATEST TRANSACTION
- control field: 20160210115224.0
008 - FIXED-LENGTH DATA ELEMENTS
- fixed length control field: 160210|| aca||aabn | a|a d
040 ## - CATALOGING SOURCE
- Original cataloging agency: ARRUPE
- Transcribing agency: ARRUPE
100 ## - HEADING--PERSONAL NAME
- Personal name: Dawson, E. B.,
- Relator term: ed.
670 ## - SOURCE DATA FOUND
- Source citation: Work cat.: (ARRUPE)0: Smuts, Jan Christiaan, 1870-1950. 22224, Greater South Africa,, 1940